Psychogenèse et histoire des sciences

保存先:
書誌詳細
第一著者: Piaget, Jean
フォーマット: 図書
言語:Undetermined
出版事項: Paris Flammarion 1983
主題:
タグ: タグ追加
タグなし, このレコードへの初めてのタグを付けませんか!
Thư viện lưu trữ: Trung tâm Học liệu Trường Đại học Cần Thơ
LEADER 00485nam a2200193Ia 4500
001 CTU_79825
008 210402s9999 xx 000 0 und d
082 |a 501 
082 |b P579 
100 |a Piaget, Jean 
245 0 |a Psychogenèse et histoire des sciences 
245 0 |c Jean Piaget 
260 |a Paris 
260 |b Flammarion 
260 |c 1983 
650 |a Psycho 
650 |x History 
904 |i Trọng Hải 
980 |a Trung tâm Học liệu Trường Đại học Cần Thơ